Effect of different plastic mulch and organic nutrient sources on growth and yield of sugar beet / (Record no. 15522)

MARC details
000 -LEADER
fixed length control field 00857nam a22002537a 4500
003 - CONTROL NUMBER IDENTIFIER
control field BD-DhSAU
005 - DATE AND TIME OF LATEST TRANSACTION
control field 20211004125229.0
008 - FIXED-LENGTH DATA ELEMENTS--GENERAL INFORMATION
fixed length control field 210929b |||||||| |||| 00| 0 eng d
040 ## - CATALOGING SOURCE
Original cataloging agency BD-DhSAU
082 ## - DEWEY DECIMAL CLASSIFICATION NUMBER
Edition number 22
Classification number 635
Item number Sa191
100 ## - MAIN ENTRY--PERSONAL NAME
Personal name Saha, Sumi
Relator term Registration No.:# 18-09131
245 ## - TITLE STATEMENT
Title Effect of different plastic mulch and organic nutrient sources on growth and yield of sugar beet /
Remainder of title Ms Thesis
260 ## - PUBLICATION, DISTRIBUTION, ETC. (IMPRINT)
Place of publication, distribution, etc. Sher-e-bangla Agricultural University Dhaka 1207;
Name of publisher, distributor, etc. Department of Horticulture;
Date of publication, distribution, etc. 2019;
300 ## - PHYSICAL DESCRIPTION
Extent ix;
Other physical details 100p.;
Dimensions 30cm.;
500 ## - GENERAL NOTE
General note Including Index.;
590 ## - Name of Cataloguer
Name of Cataloger nazmul
600 ## - SUBJECT ADDED ENTRY--PERSONAL NAME
Fuller form of name different plastic mulch
610 ## - SUBJECT ADDED ENTRY--CORPORATE NAME
Corporate name or jurisdiction name as entry element organic nutrient sources
650 ## - SUBJECT ADDED ENTRY--TOPICAL TERM
Topical term or geographic name as entry element sugar beet
700 ## - ADDED ENTRY--PERSONAL NAME
Personal name Prof. Dr. AHM Solaiman
Relator term Supervisor
710 ## - ADDED ENTRY--CORPORATE NAME
Corporate name or jurisdiction name as entry element Prof. Dr.Md. Nazrul Islam
Relator term Co-Supervisor
856 ## - ELECTRONIC LOCATION AND ACCESS
Link text No
942 ## - ADDED ENTRY ELEMENTS (KOHA)
Source of classification or shelving scheme Dewey Decimal Classification
Koha item type MS Level Thesis
Holdings
Withdrawn status Lost status Source of classification or shelving scheme Damaged status Not for loan Home library Branch Name Shelving location Date acquired Total Checkouts Full call number Barcode Date last seen Price effective from Koha item type
    Dewey Decimal Classification   Not For Loan SAU Library SAU Library Reference 04/10/2021   635 Sa191 42830 04/10/2021 04/10/2021 MS Level Thesis